35-山口県の市町村クイズ - Statistics

General Stats
  • This quiz has been taken 2,648 times
    2,484 since last reset
  • The average score is 13 of 19
Answers on the Map
Answers color-coded by a green-red scale on the quiz's map according to % correct below.
 
Answer Stats
Answer % Correct
下関しものせき
91%
山口やまぐち
87%
岩国いわくに
85%
はぎ
82%
長門ながと
79%
周防大島すおうおおしまちょう
77%
山陽小野田さんようおのだ
76%
美祢みね
74%
阿武あぶちょう
73%
周南しゅうなん
72%
宇部うべ
71%
防府ほうふ
67%
和木わきちょう
67%
ひかり
61%
柳井やない
61%
下松くだまつ
59%
上関かみのせきちょう
58%
田布施たぶせちょう
51%
平生ひらおちょう
50%
No matching quizzes found
Score Distribution
Percent of People with Each Score
Percentile by Number Answered
Your Score History
You have not taken this quiz since the last reset